000 00660nam a2200205 i 4500
001 C2-0304597
003 PPAK
005 20180728085721.0
008 100602s1995 my a|||| ||||| | may d
040 _aPPAK
_beng
_cPPAK
_erda
110 2 _aUnit Penyelidikan, Yayasan Warisan Johor
245 0 0 _aCadangan projek penyelidikan sejarah di sepanjang Sungai Johor
264 1 _a[Johor] :
_bYayasan Warisan Johor ,
_c1995
300 _a29 pages :
_billustrations ;
_c30 cm
336 _2rdacontent
_atext
337 _2rdamedia
_aunmediated
338 _2rdacarrier
_avolume
710 2 _aUnit Penyelidikan, Yayasan Warisan Johor
_eorganizer
942 _ddc
_cB
999 _c107725
_d107725